000 00503nam a2200169Ia 4500
008 090123s9999 xx 000 0 und d
082 _b677
_a891.463/भागवत
100 _aभागवत शशि
245 _aमर्मभेद भाग एक
250 _a0
300 _a237
600 _aभागवत शशि
630 _aमर्मभेद भाग एक
700 _aभागवत शशि
730 _aमर्मभेद भाग एक
942 _cBOOK
999 _c38764
_d38764